Engineering mechanics (Record no. 24671)

MARC details
000 -LEADER
fixed length control field 00479nam a2200181Ia 4500
008 - FIXED-LENGTH DATA ELEMENTS--GENERAL INFORMATION
fixed length control field 230917s9999||||xx |||||||||||||| ||und||
020 ## - ISBN
Price RS675
040 ## - CATALOGING SOURCE
-- 243572
Original cataloging agency VIVEKANANDA LIBRARY
041 ## - Language
-- English
082 ## - DDC NUMBER
Classification number 620.1 T487E(5)
100 ## - MAIN ENTRY--PERSONAL NAME
Personal name Timoshenko, S
245 #0 - TITLE STATEMENT
Title Engineering mechanics
250 ## - EDITION STATEMENT
Edition statement 5th ed.
260 ## - PUBLICATION, DISTRIBUTION, ETC. (IMPRINT)
Place of publication, distribution, etc Chennai
Name of publisher, distributor, etc McGraw-Hill Education (India)
Date of publication, distribution, etc 2017
300 ## - PHYSICAL DESCRIPTION
Pages xix, 857 p.
500 ## - GENERAL NOTE
General note 2943 27/11/2017 HBD17/7108 05/12/2017 UIET (SFS)
942 ## - ADDED ENTRY ELEMENTS (KOHA)
Koha item type Books
Holdings
Withdrawn status Lost status Damaged status Not for loan Location (home branch) Sublocation or collection (holding branch) Shelving location Date acquired Koha issues (times borrowed) Koha full call number Accession No. Koha date last seen Koha item type
        VIVEKANANDA LIBRARY VIVEKANANDA LIBRARY UIET Library 03/01/2018   620.1 T487E(5) 364336 17/09/2023 Books
        VIVEKANANDA LIBRARY VIVEKANANDA LIBRARY UIET Library 03/01/2018   620.1 T487E(5) 364337 17/09/2023 Books
        VIVEKANANDA LIBRARY VIVEKANANDA LIBRARY UIET Library 03/01/2018   620.1 T487E(5) 364338 17/09/2023 Books
        VIVEKANANDA LIBRARY VIVEKANANDA LIBRARY UIET Library 03/01/2018   620.1 T487E(5) 364339 17/09/2023 Books
        VIVEKANANDA LIBRARY VIVEKANANDA LIBRARY UIET Library 03/01/2018   620.1 T487E(5) 364340 17/09/2023 Books
© Designed and Maintained by Vivekananda Library, MDU Rohtak